000
00253nam a22000977a 4500
008
230704b xxu||||| |||| 00| 0 eng d
082
_a
362.8
_b
PRB
245
_a
Conveying concerns:
_b
Women Report on gender-based violence
300
_a
36p
942
_2
ddc
_c
BK
999
_c
3892
_d
3892